Online
Catalog

La Confesión y el Perdón : (Record no. 42636)

MARC details
000 -CABECERA
campo de control de longitud fija 00811nam a2200205 a 4500
001 - NÚMERO DE CONTROL
campo de control 000043147
005 - FECHA Y HORA DE LA ÚLTIMA TRANSACCIÓN
campo de control 20201002040655.0
008 - DATOS DE LONGITUD FIJA--INFORMACIÓN GENERAL
campo de control de longitud fija 140220d1997 sp 000 0 spa d
020 ## - NÚMERO INTERNACIONAL ESTÁNDAR DEL LIBRO
Número Internacional Estándar del Libro 8448709020
040 ## - FUENTE DE LA CATALOGACIÓN
Centro catalogador/agencia de origen DO-SdBNP
Lengua de catalogación spa
Centro/agencia transcriptor BNPHU
100 1# - ENTRADA PRINCIPAL--NOMBRE DE PERSONA
Nombre de persona Delumeau, Jean
9 (RLIN) 70706
240 10 - TÍTULO UNIFORME
Título uniforme L'aveu et le pardon. Les difficultés de la confession. XIIIe-XVIII siècle
Lenguaje de la obra español
245 13 - MENCIÓN DE TÍTULO
Título La Confesión y el Perdón :
Resto del título las dificultades de la confesión siglo XIII a XVIII /
Mención de responsabilidad, etc. Jean Delumeau ; traducción: Mauro Armiño.
260 ## - PUBLICACIÓN, DISTRIBUCIÓN, ETC.
Lugar de publicación, distribución, etc. Barcelona :
Nombre del editor, distribuidor, etc. Altaya,
Fecha de publicación, distribución, etc. 1997.
300 ## - DESCRIPCIÓN FÍSICA
Extensión 150 p. ;
Dimensiones 22 cm.
490 1# - MENCIÓN DE SERIE
Mención de serie Grandes obras de historia
Designación de volumen o secuencia 54
504 ## - NOTA DE BIBLIOGRAFÍA, ETC.
Nota de bibliografía, etc. Incluye referencias bibliográficas y notas al pie de las páginas
700 1# - PUNTO DE ACCESO ADICIONAL--NOMBRE DE PERSONA
Nombre de persona Armiño, Mauro
Término indicativo de función/relación tr.
9 (RLIN) 13314
830 #0 - PUNTO DE ACCESO ADICIONAL DE SERIE-TÍTULO UNIFORME
Título uniforme Grandes obras de historia
Designación de volumen o secuencia 54
9 (RLIN) 70707
Holdings
Estado de retiro Estado de pérdida Restricciones de uso No para préstamo Código de colección Localización permanente Ubicación/localización actual Ubicación en estantería Fecha de adquisición Número de inventario Total de préstamos Signatura topográfica completa Código de barras Fecha visto por última vez Precio válido a partir de Tipo de ítem Koha
      Excluido de préstamo Monografías: Libros y Folletos General General En catalogación 20.02.2014 LF1   43147-10 25.06.2020 25.06.2020 No se presta

Powered by Koha